[Event "CAMPEONATO PANAMERICANO-CONTINENTAL ABSOLUTO 2010"
[Site "Cali, Departamento del Valle del Cauca"]
[Date "2010.11.19"]
[Round "5"]
[Board "1"]
[White "Renteria, Rolando"]
[Black "Fernandez, Jaime"]
[Result "1-0"]
[WhiteElo "2201"]
[BlackElo "2015"]
[PlyCount "55"]
[EventDate "2010.11.17"]
[EventRounds "9"]
[EventCountry "COL"]

1.e4 e5 2.Nf3 Nc6 3.Bb5 a6 4.Ba4 Nf6 5.O-O b5 6.Bb3 Bb7 7.Re1 Bc5 8.Nxe5 Nxe5
9.d4 Bb6 10.dxe5 Nxe4 11.Be3 Bxe3 12.Rxe3 Nc5 13.Bd5 c6 14.Bf3 Qe7 15.b4 Ne6
16.Nc3 Ng5 17.h4 Nxf3+ 18.Qxf3 O-O 19.Rd1 Qxh4 20.Ne4 c5 21.Rxd7 Bc8 22.g3 Qh3
23.Rc7 Bg4 24.Qf4 cxb4 25.Qg5 Rad8 26.Nf6+ Kh8 27.Qxg4 Qh6 28.Nd7

[Event "CAMPEONATO PANAMERICANO-CONTINENTAL ABSOLUTO 2010"
[Site "Cali, Departamento del Valle del Cauca"]
[Date "2010.11.19"]
[Round "5"]
[Board "1"]
[White "Saladen, Rafael"]
[Black "Ospina Loaiza, Jhonny"]
[Result "1-0"]
[WhiteElo "2195"]
[BlackElo "2002"]
[PlyCount "79"]
[EventDate "2010.11.17"]
[EventRounds "9"]
[EventCountry "COL"]

1.d4 Nf6 2.c4 d6 3.Nc3 Nbd7 4.e4 e5 5.Nf3 c6 6.Be2 Be7 7.O-O O-O 8.Qc2 exd4
9.Nxd4 a5 10.Rd1 Re8 11.Bf4 Bf8 12.b3 Nc5 13.Bf3 Qe7 14.Re1 Nfd7 15.Rad1 Ne5
16.Be2 Qc7 17.h3 Qb6 18.Be3 f6 19.f4 Nf7 20.Bf3 Qb4 21.Qd2 Qb6 22.Nde2 Qb4
23.Nd4 Qb6 24.Nc2 Qc7 25.g4 Ne6 26.Bg2 g5 27.Ne2 Bh6 28.Rf1 Nf8 29.Ng3 Ng6
30.fxg5 fxg5 31.Nh5 Rf8 32.c5 dxc5 33.Bxc5 Rd8 34.Nf6+ Kh8 35.Qf2 Rxd1 36.Rxd1
Be6 37.Nd4 Qe5 38.Nxc6 bxc6 39.Bd4 Qb8 40.Nd7+

[Event "CAMPEONATO PANAMERICANO-CONTINENTAL ABSOLUTO 2010"
[Site "Cali, Departamento del Valle del Cauca"]
[Date "2010.11.19"]
[Round "5"]
[Board "1"]
[White "Lopez Idarraga, Daniel Eduardo"]
[Black "Herrera, Juan Sebastian"]
[Result "1-0"]
[WhiteElo "1997"]
[BlackElo "2125"]
[PlyCount "105"]
[EventDate "2010.11.17"]
[EventRounds "9"]
[EventCountry "COL"]

1.e4 c5 2.Nc3 a6 3.f4 b5 4.Nf3 Bb7 5.d3 e6 6.g3 Nf6 7.Bg2 d5 8.e5 d4 9.exf6 dxc3
10.fxg7 Bxg7 11.b3 Nc6 12.O-O Qc7 13.f5 O-O-O 14.fxe6 fxe6 15.Ng5 Bd4+ 16.Kh1
Ne5 17.h3 Bxg2+ 18.Kxg2 Qc6+ 19.Ne4 h5 20.Bf4 Nd7 21.Kh2 Nb6 22.Bg5 Rdg8 23.Qf3
Nd5 24.Rae1 Rg7 25.Bh4 b4 26.Ng5 e5 27.Qf5+ Rd7 28.Nf7 Re8 29.Nxe5 Bxe5 30.Rxe5
Rxe5 31.Qxe5 Qd6 32.Qxh5 Qe6 33.Rf8+ Kb7 34.Qe8 Qxe8 35.Rxe8 Nc7 36.Re7 Rd5
37.g4 Kc6 38.g5 Rd8 39.Bf2 Nb5 40.h4 Na3 41.Re2 c4 42.bxc4 Nxc2 43.Rxc2 Rxd3
44.g6 Rd2 45.Rc1 Rxf2+ 46.Kg3 Rf8 47.h5 Rg8 48.Kf4 Kc5 49.Kg5 Kxc4 50.h6 Kd3
51.h7 Re8 52.g7 Kd2 53.Rh1

[Event "CAMPEONATO PANAMERICANO-CONTINENTAL ABSOLUTO 2010"
[Site "Cali, Departamento del Valle del Cauca"]
[Date "2010.11.19"]
[Round "5"]
[Board "1"]
[White "Heredia Serrano, Carla"]
[Black "Suasnabar, Jesus"]
[Result "0-1"]
[WhiteElo "2087"]
[BlackElo "1967"]
[PlyCount "44"]
[EventDate "2010.11.17"]
[EventRounds "9"]
[EventCountry "COL"]

1.e4 c5 2.Nf3 e6 3.d4 d5 4.Nbd2 Nc6 5.exd5 exd5 6.Bb5 Bd6 7.O-O Nge7 8.dxc5 Bxc5
9.h3 O-O 10.Nb3 Bb6 11.c3 Qd6 12.Bd3 Ng6 13.Re1 Bxh3 14.gxh3 Qg3+ 15.Kh1 Bxf2
16.Bf1 Nh4 17.Nbd2 Rae8 18.Rxe8 Rxe8 19.b3 Re3 20.Ba3 Rxf3 21.Nxf3 Nxf3 22.Qxf3
Qg1#

[Event "CAMPEONATO PANAMERICANO-CONTINENTAL ABSOLUTO 2010"
[Site "Cali, Departamento del Valle del Cauca"]
[Date "2010.11.19"]
[Round "5"]
[Board "1"]
[White "Llacsahuanga, Diego"]
[Black "Avellaneda Arevalo, Ronald"]
[Result "1/2-1/2"]
[WhiteElo "2065"]
[BlackElo "1965"]
[PlyCount "74"]
[EventDate "2010.11.17"]
[EventRounds "9"]
[EventCountry "COL"]

1.Nf3 Nf6 2.c4 g6 3.g3 Bg7 4.Bg2 O-O 5.O-O d6 6.d4 Nbd7 7.Nc3 c6 8.e4 e5 9.h3 h6
10.Rb1 Re8 11.d5 c5 12.a3 Nf8 13.Ne1 Nh5 14.b4 b6 15.Nd3 f5 16.a4 cxb4 17.Nxb4
Nf6 18.Nc6 Qd7 19.exf5 gxf5 20.Ba3 Ba6 21.Nb5 Bxb5 22.axb5 Ng6 23.Bf3 f4 24.Bg4
Nxg4 25.Qxg4 Qxg4 26.hxg4 Bf8 27.Bc1 a5 28.bxa6 Rxa6 29.Rb4 fxg3 30.fxg3 Ne7
31.Nxe7+ Rxe7 32.Be3 Ra3 33.Re1 Rg7 34.g5 hxg5 35.Rxb6 Rf7 36.Re2 Rf3 37.Bf2
Rfc3

[Event "CAMPEONATO PANAMERICANO-CONTINENTAL ABSOLUTO 2010"
[Site "Cali, Departamento del Valle del Cauca"]
[Date "2010.11.19"]
[Round "5"]
[Board "1"]
[White "Guelgua, Alvaro"]
[Black "Manrique, Fernando"]
[Result "1-0"]
[WhiteElo "2039"]
[BlackElo "1964"]
[PlyCount "49"]
[EventDate "2010.11.17"]
[EventRounds "9"]
[EventCountry "COL"]

1.e4 e5 2.Nf3 Nc6 3.Bb5 f5 4.Nc3 fxe4 5.Nxe4 d5 6.Nxe5 dxe4 7.Nxc6 Qg5 8.Nd4+ c6
9.Bf1 Qe5 10.Nb3 Nf6 11.Qe2 Bd6 12.d4 Qe7 13.Bg5 Bf5 14.O-O-O h6 15.Bh4 O-O-O
16.Qc4 g5 17.Bg3 Bxg3 18.hxg3 Nd5 19.Re1 Qc7 20.Nc5 e3 21.Bd3 Bxd3 22.Qxd3 exf2
23.Qf5+ Kb8 24.Qxf2 Rdf8 25.Rxh6

[Event "CAMPEONATO PANAMERICANO-CONTINENTAL ABSOLUTO 2010"
[Site "Cali, Departamento del Valle del Cauca"]
[Date "2010.11.20"]
[Round "6"]
[Board "1"]
[White "Cori, Jorge"]
[Black "Rios, Cristhian Camilo"]
[Result "1/2-1/2"]
[WhiteElo "2502"]
[BlackElo "2405"]
[PlyCount "83"]
[EventDate "2010.11.17"]
[EventRounds "9"]
[EventCountry "COL"]

1.d4 Nf6 2.Nf3 g6 3.c4 Bg7 4.g3 O-O 5.Bg2 d6 6.O-O Nc6 7.Nc3 Bf5 8.d5 Na5 9.Nd4
Bd7 10.Qd3 c5 11.dxc6 Nxc6 12.e3 Rc8 13.b3 Qa5 14.Bb2 Qh5 15.Rfd1 Bh3 16.Bh1
Rfd8 17.Qe2 Bg4 18.f3 Bd7 19.Qd2 Nxd4 20.exd4 e5 21.Bg2 Bh6 22.Qf2 Re8 23.Re1 b6
24.Rad1 Bf8 25.Kh1 Bc6 26.dxe5 dxe5 27.Nd5 Nxd5 28.cxd5 Bd7 29.f4 Bg7 30.Bf3 Qf5
31.Be4 Qf6 32.Qd2 Qd6 33.fxe5 Bxe5 34.Bg2 Bxb2 35.Qxb2 Qb4 36.Rxe8+ Rxe8 37.Qf2
Qd6 38.Rf1 Re7 39.Rc1 Re8 40.Rf1 Re7 41.Rc1 Re8 42.Rf1

[Event "CAMPEONATO PANAMERICANO-CONTINENTAL ABSOLUTO 2010"
[Site "Cali, Departamento del Valle del Cauca"]
[Date "2010.11.20"]
[Round "6"]
[Board "1"]
[White "Lima, Darcy"]
[Black "Molina, Roberto Junio Brito"]
[Result "1-0"]
[WhiteElo "2482"]
[BlackElo "2401"]
[PlyCount "65"]
[EventDate "2010.11.17"]
[EventRounds "9"]
[EventCountry "COL"]

1.e4 c6 2.Nc3 d5 3.Nf3 Bg4 4.h3 Bxf3 5.Qxf3 e6 6.a3 Nf6 7.d3 Nbd7 8.g3 Bd6 9.Bg2
O-O 10.O-O Re8 11.Qe2 Qc7 12.g4 Nf8 13.f4 N6d7 14.Qf2 dxe4 15.Nxe4 Be7 16.f5
exf5 17.Qxf5 f6 18.Be3 Nb6 19.Rae1 Nd5 20.Bd4 Qd7 21.g5 Qxf5 22.Rxf5 g6 23.Rxd5
cxd5 24.Nxf6+ Bxf6 25.Bxd5+ Ne6 26.Bxf6 Kf7 27.Bxb7 Nxg5 28.Rf1 Nxh3+ 29.Kg2 Ke6
30.Bxa8 Rxa8 31.Bh4 g5 32.Kxh3 gxh4 33.Rf4

[Event "CAMPEONATO PANAMERICANO-CONTINENTAL ABSOLUTO 2010"
[Site "Cali, Departamento del Valle del Cauca"]
[Date "2010.11.20"]
[Round "6"]
[Board "1"]
[White "Arias, Lemmys A"]
[Black "Panesso Rivera, Henry"]
[Result "1-0"]
[WhiteElo "2352"]
[BlackElo "2333"]
[PlyCount "99"]
[EventDate "2010.11.17"]
[EventRounds "9"]
[EventCountry "COL"]

1.e4 c5 2.Nf3 d6 3.d4 Nf6 4.Nc3 cxd4 5.Nxd4 a6 6.Be2 e6 7.g4 Nc6 8.g5 Nd7 9.Be3
Qc7 10.Qd2 Nde5 11.f4 Nxd4 12.Qxd4 Nc6 13.Qb6 Qxb6 14.Bxb6 Bd7 15.O-O-O Rc8
16.h4 h6 17.gxh6 Rxh6 18.h5 Nb8 19.Rhg1 Bc6 20.Bd4 Rh7 21.Rg5 Nd7 22.Rdg1 Nf6
23.Bf3 b5 24.a3 Ba8 25.Kd2 Kd7 26.Kd3 Ne8 27.b3 f5 28.Rg6 Ke7 29.R1g3 fxe4+
30.Nxe4 Bxe4+ 31.Bxe4 Rxh5 32.Bb7 Rb8 33.Bxa6 Nc7 34.Rxg7+ Bxg7 35.Rxg7+ Kd8
36.Bf6+ Ke8 37.Rxc7 Rf5 38.Bg5 Rf7 39.Rc8+ Rxc8 40.Bxc8 e5 41.fxe5 dxe5 42.Ba6
Rf5 43.Bxb5+ Kf7 44.Bc4+ Kg6 45.Be3 Rh5 46.a4 Kf5 47.a5 e4+ 48.Kd4 Rh1 49.a6 Ra1
50.Kc3

[Event "CAMPEONATO PANAMERICANO-CONTINENTAL ABSOLUTO 2010"
[Site "Cali, Departamento del Valle del Cauca"]
[Date "2010.11.20"]
[Round "6"]
[Board "1"]
[White "Sanabria Rangel, Sergio Andres"]
[Black "Garcia, Gildardo"]
[Result "1-0"]
[WhiteElo "2335"]
[BlackElo "2378"]
[PlyCount "83"]
[EventDate "2010.11.17"]
[EventRounds "9"]
[EventCountry "COL"]

1.Nf3 d6 2.d4 Bg4 3.c4 Nf6 4.Nc3 g6 5.e3 Bg7 6.Be2 c6 7.h3 Bxf3 8.Bxf3 Nbd7
9.O-O O-O 10.e4 e5 11.d5 cxd5 12.cxd5 Ne8 13.Re1 f5 14.exf5 gxf5 15.Be3 a6
16.Rb1 b5 17.Be2 b4 18.Na4 Qh4 19.Rc1 f4 20.Bd2 Nef6 21.Bf3 Rae8 22.Bxb4 e4
23.Bxd6 exf3 24.Qxf3 Rxe1+ 25.Rxe1 Re8 26.Rxe8+ Nxe8 27.Bxf4 Qe7 28.Nc3 Nb6
29.Qg4 Qf7 30.Bh6 Nf6 31.Qg5 Nbd7 32.Bxg7 Qxg7 33.Qf5 Qg6 34.Qe6+ Kg7 35.Qe7+
Kh6 36.Qe3+ Kg7 37.b4 h6 38.a4 Qh5 39.g4 Qg6 40.b5 axb5 41.axb5 Kf8 42.d6

[Event "CAMPEONATO PANAMERICANO-CONTINENTAL ABSOLUTO 2010"
[Site "Cali, Departamento del Valle del Cauca"]
[Date "2010.11.20"]
[Round "6"]
[Board "1"]
[White "Perez Rodriguez, Luis Manuel"]
[Black "Barrientos, Sergio E"]
[Result "1-0"]
[WhiteElo "2483"]
[BlackElo "2516"]
[PlyCount "81"]
[EventDate "2010.11.17"]
[EventRounds "9"]
[EventCountry "COL"]

1.e4 c5 2.Nf3 d6 3.d4 cxd4 4.Nxd4 a6 5.Nc3 e6 6.g4 h6 7.Be3 Nf6 8.f3 b5 9.Qd2
Bb7 10.O-O-O Nbd7 11.h4 Nb6 12.Qf2 Nfd7 13.Bd3 Rc8 14.Nce2 Qc7 15.Kb1 Nc4
16.Bxc4 Qxc4 17.Ng3 Ne5 18.b3 Qc3 19.Bc1 Be7 20.Bb2 Qc5 21.Qe2 Rg8 22.f4 Ng6
23.f5 Nf4 24.Qd2 e5 25.Nf3 f6 26.g5 hxg5 27.hxg5 fxg5 28.Rh7 Bf6 29.Nh2 Ke7
30.Ng4 Rcf8 31.Bc3 Qc6 32.Bb4 Rd8 33.Qh2 Qe8 34.Rxd6 Rxd6 35.Bxd6+ Kxd6 36.Nxf6
gxf6 37.Qd2+ Bd5 38.exd5 e4 39.Qb4+ Kxd5 40.Nxe4 Qf8 41.Re7

[Event "CAMPEONATO PANAMERICANO-CONTINENTAL ABSOLUTO 2010"
[Site "Cali, Departamento del Valle del Cauca"]
[Date "2010.11.20"]
[Round "6"]
[Board "1"]
[White "Zapata, Alonso"]
[Black "Arribas Robaina, Maritza"]
[Result "1/2-1/2"]
[WhiteElo "2482"]
[BlackElo "2281"]
[PlyCount "49"]
[EventDate "2010.11.17"]
[EventRounds "9"]
[EventCountry "COL"]

1.e4 e6 2.d4 d5 3.e5 c5 4.c3 Qb6 5.Nf3 Bd7 6.a3 Nc6 7.b4 cxd4 8.cxd4 Rc8 9.Be3
Nge7 10.Bd3 Nf5 11.Bxf5 exf5 12.O-O Be7 13.Nc3 Be6 14.Qd3 O-O 15.Rfc1 Qd8 16.Nd2
f6 17.exf6 Bxf6 18.f4 Bf7 19.Ne2 Re8 20.Nf3 Ne7 21.Ne5 Rxc1+ 22.Rxc1 Be6 23.Ng3
a6 24.b5 Qb8 25.Nf1

[Event "CAMPEONATO PANAMERICANO-CONTINENTAL ABSOLUTO 2010"
[Site "Cali, Departamento del Valle del Cauca"]
[Date "2010.11.20"]
[Round "6"]
[Board "1"]
[White "Escobar Forero, Alder"]
[Black "Morales, Jhon Alexander"]
[Result "1-0"]
[WhiteElo "2456"]
[BlackElo "2309"]
[PlyCount "81"]
[EventDate "2010.11.17"]
[EventRounds "9"]
[EventCountry "COL"]

1.e4 c5 2.Nf3 e6 3.d4 cxd4 4.Nxd4 a6 5.Bd3 Qc7 6.Be3 Nc6 7.Nd2 Nxd4 8.Bxd4 e5
9.Bc3 b5 10.Qh5 d6 11.a4 Rb8 12.axb5 axb5 13.Bb4 Bd7 14.O-O Ne7 15.Ba5 Qc8 16.c4
Ng6 17.g3 b4 18.Qe2 Be7 19.c5 dxc5 20.Nc4 Qc6 21.h4 Bxh4 22.gxh4 Nf4 23.Qf3 f6
24.Rfd1 O-O 25.Bf1 Be6 26.Rd6 Qe8 27.Kh2 Qg6 28.Ne3 Rbe8 29.Ng2 Bg4 30.Nxf4 exf4
31.Qxf4 Rxe4 32.Qg3 Bf5 33.f3 Re5 34.Bc4+ Kh8 35.Qxg6 hxg6 36.Kg2 Rfe8 37.Kf2
Be6 38.Bxe6 R8xe6 39.Rxe6 Rxe6 40.Rc1 Re5 41.Bc7

[Event "CAMPEONATO PANAMERICANO-CONTINENTAL ABSOLUTO 2010"
[Site "Cali, Departamento del Valle del Cauca"]
[Date "2010.11.20"]
[Round "6"]
[Board "1"]
[White "Guerrero, Juan Carlos"]
[Black "Guerra Tulcan, Lenin"]
[Result "0-1"]
[WhiteElo "2254"]
[BlackElo "2350"]
[PlyCount "60"]
[EventDate "2010.11.17"]
[EventRounds "9"]
[EventCountry "COL"]

1.c4 e6 2.Nf3 c5 3.g3 b6 4.Bg2 Bb7 5.O-O Nf6 6.Nc3 a6 7.d4 cxd4 8.Qxd4 d6 9.Be3
Nbd7 10.b4 Rc8 11.Nd2 Bxg2 12.Kxg2 Be7 13.Rfd1 Qc7 14.Rac1 O-O 15.Kg1 Rfd8 16.h3
Qb8 17.Nde4 Ne5 18.Na4 Nxe4 19.Qxe4 Rxc4 20.Rxc4 d5 21.Qxe5 Qxe5 22.Rg4 Bf6
23.Nxb6 h5 24.Rgd4 Qc7 25.R4d3 d4 26.Bxd4 Rxd4 27.Rxd4 Bxd4 28.Rxd4 Qxb6 29.Rh4
Qb5 30.e3 g6

[Event "CAMPEONATO PANAMERICANO-CONTINENTAL ABSOLUTO 2010"
[Site "Cali, Departamento del Valle del Cauca"]
[Date "2010.11.20"]
[Round "6"]
[Board "1"]
[White "Tobar, Juan Carlos"]
[Black "Ostos, Julio"]
[Result "1/2-1/2"]
[WhiteElo "2016"]
[BlackElo "2325"]
[PlyCount "86"]
[EventDate "2010.11.17"]
[EventRounds "9"]
[EventCountry "COL"]

1.g3 Nf6 2.Bg2 c5 3.d3 g6 4.e4 Nc6 5.Be3 d5 6.Nd2 d4 7.Bg5 Bg7 8.Ne2 Nd7 9.Nf3
O-O 10.O-O b5 11.a4 bxa4 12.Rxa4 Nb6 13.Ra1 c4 14.Bd2 a5 15.Ne1 e5 16.dxc4 Nxc4
17.Nd3 Nxd2 18.Qxd2 Ba6 19.Ra3 Re8 20.Nec1 Bf8 21.Ra1 Nb4 22.f4 Rc8 23.fxe5 Rxc2
24.Qd1 Bh6 25.Nxb4 Rxc1 26.Rxc1 Bxf1 27.Nc6 Qc7 28.Bxf1 Bxc1 29.Qxc1 Re6 30.Bb5
Qb6 31.Ba4 d3+ 32.Kf1 Qa6 33.Ke1 Qb6 34.Kf1 Kg7 35.Qc3 Qe3 36.Nd4 Rb6 37.e6 Kh6
38.exf7 Rf6+ 39.Nf5+ Rxf5+ 40.exf5 Qe2+ 41.Kg1 Qe3+ 42.Kh1 Qe4+ 43.Kg1 Qe3+

[Event "CAMPEONATO PANAMERICANO-CONTINENTAL ABSOLUTO 2010"
[Site "Cali, Departamento del Valle del Cauca"]
[Date "2010.11.20"]
[Round "6"]
[Board "1"]
[White "Zuluaga, Cesar"]
[Black "Mateus, Martha"]
[Result "1-0"]
[WhiteElo "2316"]
[BlackElo "2144"]
[PlyCount "115"]
[EventDate "2010.11.17"]
[EventRounds "9"]
[EventCountry "COL"]

1.d4 d5 2.c4 e6 3.Nc3 c5 4.e3 Nc6 5.Nf3 Nf6 6.a3 cxd4 7.exd4 dxc4 8.Bxc4 Be7
9.O-O O-O 10.Re1 Nd5 11.Be3 Nxc3 12.bxc3 Qa5 13.Qc2 Qh5 14.Be2 Qg6 15.Bd3 Qh5
16.Bf4 g5 17.Bc7 Bd7 18.Qb2 b6 19.Ba6 Rae8 20.Be2 Qh6 21.c4 Qg7 22.Bg3 Rc8
23.Rac1 Rfd8 24.Ne5 Be8 25.d5 exd5 26.Bg4 Nxe5 27.Bxe5 f6 28.Bxc8 Rxc8 29.Bg3
dxc4 30.Qe2 Kf8 31.Rxc4 Rxc4 32.Qxc4 Bc5 33.a4 Qf7 34.Qd3 Bxa4 35.Bd6+ Kg8
36.Bxc5 bxc5 37.Qd8+ Qf8 38.Qd5+ Kg7 39.Qb7+ Kh6 40.Qxa7 Bc2 41.Qc7 Bd3 42.Re3
Bf5 43.h4 gxh4 44.Qf4+ Kg6 45.Qxh4 Qd6 46.Rg3+ Kf7 47.Qa4 Qd4 48.Qa7+ Bd7 49.Re3
Kg6 50.Qa5 Qd1+ 51.Re1 Qd5 52.Qc3 Bc6 53.Qg3+ Kf7 54.Qh3 h5 55.Ra1 Bb7 56.Ra7 h4
57.Qf3 Ke6 58.Rxb7

[Event "CAMPEONATO PANAMERICANO-CONTINENTAL ABSOLUTO 2010"
[Site "Cali, Departamento del Valle del Cauca"]
[Date "2010.11.20"]
[Round "6"]
[Board "1"]
[White "Uribe, Mauricio"]
[Black "Beltran, Carlos Armando"]
[Result "0-1"]
[WhiteElo "2381"]
[BlackElo "2194"]
[PlyCount "58"]
[EventDate "2010.11.17"]
[EventRounds "9"]
[EventCountry "COL"]

1.e4 c5 2.Nc3 g6 3.f4 Bg7 4.Nf3 e6 5.d4 cxd4 6.Nb5 d6 7.e5 dxe5 8.fxe5 Nc6 9.Bf4
Nge7 10.Nd6+ Kf8 11.Qd2 Nf5 12.Nxf5 exf5 13.O-O-O Be6 14.Nxd4 Nxd4 15.Qb4+ Kg8
16.Rxd4 Qb8 17.Bc4 Bxc4 18.Qxc4 Bxe5 19.Bxe5 Qxe5 20.Rd7 Rf8 21.Rxb7 h5 22.Kb1
h4 23.Rxa7 Rh5 24.a4 Rg5 25.Rd1 f4 26.Rdd7 Qf5 27.Rd2 h3 28.gxh3 f3 29.Qh4 Rg2

[Event "CAMPEONATO PANAMERICANO-CONTINENTAL ABSOLUTO 2010"
[Site "Cali, Departamento del Valle del Cauca"]
[Date "2010.11.20"]
[Round "6"]
[Board "1"]
[White "Torres, Jose Arturo"]
[Black "Sanchez, Victor Hugo"]
[Result "1/2-1/2"]
[WhiteElo "2202"]
[BlackElo "2293"]
[PlyCount "44"]
[EventDate "2010.11.17"]
[EventRounds "9"]
[EventCountry "COL"]

1.e4 c5 2.Nf3 d6 3.d4 cxd4 4.Nxd4 Nf6 5.Nc3 e6 6.f4 Be7 7.Bd3 Nc6 8.Nf3 a6 9.O-O
O-O 10.Qe1 e5 11.Kh1 Re8 12.f5 Nb4 13.Bg5 d5 14.Rd1 d4 15.Ne2 Qc7 16.Bxf6 Nxd3
17.cxd3 Bxf6 18.Ng3 Qb6 19.Nh5 Bd7 20.Nxf6+ Qxf6 21.Qb4 Bc6 22.Rc1 Rac8

[Event "CAMPEONATO PANAMERICANO-CONTINENTAL ABSOLUTO 2010"
[Site "Cali, Departamento del Valle del Cauca"]
[Date "2010.11.20"]
[Round "6"]
[Board "1"]
[White "Mateus, Alejandro"]
[Black "Alvarez, Javier"]
[Result "1-0"]
[WhiteElo "2274"]
[BlackElo "2160"]
[PlyCount "119"]
[EventDate "2010.11.17"]
[EventRounds "9"]
[EventCountry "COL"]

1.e4 c5 2.Nf3 d6 3.d4 cxd4 4.Nxd4 Nf6 5.Nc3 Nc6 6.Be2 e5 7.Nf3 h6 8.O-O Be7 9.b3
O-O 10.Bb2 a6 11.a4 Kh8 12.Re1 Be6 13.Nd2 Nd4 14.Bd3 Rc8 15.Nc4 b5 16.axb5 axb5
17.Ne3 b4 18.Ncd5 Bxd5 19.exd5 Rc5 20.Bc4 Nb5 21.Qd2 Nc3 22.Bxc3 Ne4 23.Qd3 Nxc3
24.Nf5 Re8 25.Ra7 Rc7 26.Rea1 Qb8 27.R7a6 Rd8 28.Qe3 Bf8 29.h3 Qc8 30.g4 g6
31.Nxd6 Qd7 32.Nb5 Nxb5 33.Bxb5 Qxd5 34.Bc4 Qd4 35.Qxd4 Rxd4 36.Ra7 Rcd7 37.Bxf7
Rxa7 38.Rxa7 Rf4 39.Rc7 g5 40.Bg6 Bd6 41.Rc6 Rd4 42.Kf1 Kg7 43.Bf5 Kf6 44.Rc8 h5
45.Rb8 hxg4 46.hxg4 Be7 47.Ke2 Bd6 48.Rg8 Be7 49.Rg6+ Kf7 50.Re6 Bf6 51.f3 Kg7
52.Bd3 Kf7 53.Bc4 Kg7 54.Ke3 Rf4 55.Re8 Rd4 56.Rg8+ Kh6 57.Bd3 Bg7 58.Ke2 Rf4
59.Bf5 Rd4 60.Rb8

[Event "CAMPEONATO PANAMERICANO-CONTINENTAL ABSOLUTO 2010"
[Site "Cali, Departamento del Valle del Cauca"]
[Date "2010.11.20"]
[Round "6"]
[Board "1"]
[White "Romero Echeverria, Abigail"]
[Black "Garavito, Miguel Angel"]
[Result "1/2-1/2"]
[WhiteElo "2068"]
[BlackElo "2253"]
[PlyCount "54"]
[EventDate "2010.11.17"]
[EventRounds "9"]
[EventCountry "COL"]

1.e4 d6 2.d4 g6 3.Nf3 Bg7 4.h3 Nf6 5.Nc3 c6 6.a4 O-O 7.Be3 a5 8.Be2 Na6 9.O-O
Nb4 10.Qc1 Re8 11.Rd1 Qc7 12.Nd2 d5 13.exd5 Nfxd5 14.Nxd5 Nxd5 15.Nf3 Nxe3
16.Qxe3 Bf5 17.Bd3 Bxd3 18.Rxd3 Rad8 19.Rad1 e6 20.c4 Re7 21.b3 Red7 22.h4 h5
23.Kf1 Qd6 24.Ke2 Qb4 25.Ne5 Bxe5 26.dxe5 Rxd3 27.Rxd3 Rxd3

[Event "CAMPEONATO PANAMERICANO-CONTINENTAL ABSOLUTO 2010"
[Site "Cali, Departamento del Valle del Cauca"]
[Date "2010.11.20"]
[Round "6"]
[Board "1"]
[White "Contreras, Henry"]
[Black "Castrillon Gomez, Melissa"]
[Result "1-0"]
[WhiteElo "2202"]
[BlackElo "2013"]
[PlyCount "79"]
[EventDate "2010.11.17"]
[EventRounds "9"]
[EventCountry "COL"]

1.e4 c5 2.Nf3 d6 3.d4 cxd4 4.Nxd4 Nf6 5.Nc3 g6 6.Be3 Bg7 7.f3 O-O 8.Qd2 Nc6
9.Bc4 Bd7 10.O-O-O Rc8 11.Bb3 Ne5 12.Kb1 Re8 13.h4 h5 14.g4 hxg4 15.Bh6 Nc4
16.Bxc4 Rxc4 17.Bxg7 Kxg7 18.h5 Rh8 19.hxg6 fxg6 20.f4 e5 21.fxe5 dxe5 22.Nde2
Qe8 23.Ng3 Rd4 24.Qg5 Rxd1+ 25.Rxd1 Bc6 26.Nf5+ Kg8 27.Qxf6 gxf5 28.Rd8 Rh1+
29.Nd1 Kh7 30.b3 Qxd8 31.Qxd8 Bxe4 32.Kb2 g3 33.Ne3 g2 34.Qe7+ Kg6 35.Qe6+ Kh7
36.Nxg2 Bxg2 37.Qxf5+ Kh6 38.Qe6+ Kh5 39.Qxe5+ Kg4 40.Qd4+

[Event "CAMPEONATO PANAMERICANO-CONTINENTAL ABSOLUTO 2010"
[Site "Cali, Departamento del Valle del Cauca"]
[Date "2010.11.20"]
[Round "6"]
[Board "1"]
[White "Estrada Nieto, Julian"]
[Black "Buitrago, Juan Carlos"]
[Result "1/2-1/2"]
[WhiteElo "2329"]
[BlackElo "2160"]
[PlyCount "71"]
[EventDate "2010.11.17"]
[EventRounds "9"]
[EventCountry "COL"]

1.e4 e5 2.Nf3 Nc6 3.Bb5 a6 4.Ba4 Nf6 5.O-O Be7 6.Re1 b5 7.Bb3 d6 8.c3 O-O 9.h3
Na5 10.Bc2 c5 11.d4 Qc7 12.Nbd2 Nc6 13.d5 Nd8 14.Nf1 Ne8 15.a4 Rb8 16.axb5 axb5
17.b4 c4 18.g4 f6 19.Ng3 g6 20.Bh6 Ng7 21.Qd2 Bd7 22.Ra5 Nf7 23.Be3 Rb7 24.Rea1
Rfb8 25.Kh2 Bd8 26.Ba7 Rc8 27.Be3 Rcb8 28.Ba7 Rc8 29.Qc1 Be7 30.Be3 Rcb8 31.Qa3
Qc8 32.Ba7 Ra8 33.Be3 Rab8 34.Ba7 Ra8 35.Be3 Rab8 36.Ba7

[Event "CAMPEONATO PANAMERICANO-CONTINENTAL ABSOLUTO 2010"
[Site "Cali, Departamento del Valle del Cauca"]
[Date "2010.11.20"]
[Round "6"]
[Board "1"]
[White "Salazar, Aura Cristina"]
[Black "Renteria, Rolando"]
[Result "1-0"]
[WhiteElo "2150"]
[BlackElo "2201"]
[PlyCount "85"]
[EventDate "2010.11.17"]
[EventRounds "9"]
[EventCountry "COL"]

1.e4 e5 2.Nf3 d6 3.d4 Nd7 4.Bc4 c6 5.dxe5 dxe5 6.O-O Be7 7.Nc3 b5 8.Bb3 Ngf6
9.Qe2 O-O 10.Bg5 Qc7 11.Nd2 a5 12.a4 b4 13.Nd1 Nc5 14.Bc4 Ne6 15.Bxe6 Bxe6
16.Ne3 Rad8 17.Nf5 Bxf5 18.exf5 Nd5 19.Bxe7 Nf4 20.Qa6 Qxe7 21.Ne4 Qh4 22.Ng3
Rd6 23.Rfd1 Rh6 24.h3 g5 25.f6 Rxf6 26.Qxa5 Ne2+ 27.Nxe2 Qxf2+ 28.Kh2 Qxe2
29.Rd8 Rxd8 30.Qxd8+ Kg7 31.a5 g4 32.Qd3 Qxd3 33.cxd3 Rd6 34.a6 Rd8 35.a7 Ra8
36.hxg4 Kf8 37.Kg3 Ke7 38.Kf3 Ke6 39.Ke4 h5 40.gxh5 f5+ 41.Kf3 Kd5 42.h6 Kd4
43.Ke2

[Event "CAMPEONATO PANAMERICANO-CONTINENTAL ABSOLUTO 2010"
[Site "Cali, Departamento del Valle del Cauca"]
[Date "2010.11.20"]
[Round "6"]
[Board "1"]
[White "Ruiz C, Joshua D"]
[Black "Saladen, Rafael"]
[Result "1/2-1/2"]
[WhiteElo "2107"]
[BlackElo "2195"]
[PlyCount "96"]
[EventDate "2010.11.17"]
[EventRounds "9"]
[EventCountry "COL"]

1.e4 c5 2.Nf3 d6 3.d4 cxd4 4.Nxd4 Nf6 5.Nc3 Nc6 6.Bg5 e6 7.Qd2 a6 8.O-O-O Bd7
9.f4 h6 10.Bxf6 Qxf6 11.Nxc6 Bxc6 12.g4 Qd8 13.Bg2 Be7 14.Qf2 Qc7 15.h4 O-O-O
16.f5 Bf6 17.Qe3 Be5 18.Kb1 Kb8 19.Bf3 Rc8 20.a3 Bb5 21.Bg2 Rhd8 22.Rh3 Bxc3
23.bxc3 Qa5 24.Kb2 Rc6 25.Ra1 Bc4 26.a4 e5 27.Rhh1 Rdc8 28.Ra3 Rc5 29.Rb1 R8c6
30.g5 hxg5 31.hxg5 f6 32.gxf6 gxf6 33.Kc1 Bf7 34.Kd2 d5 35.exd5 Bxd5 36.Bxd5
Rxd5+ 37.Kc1 Rcd6 38.Rb4 Rd1+ 39.Kb2 Qd5 40.Qh6 Qh1 41.Qxh1 Rxh1 42.Rab3 Rd7
43.Rb6 Rf7 44.Rxa6 Rf1 45.Re6 Rxf5 46.Rb4 Rf3 47.a5 Re3 48.Rb5 Rc7

[Event "CAMPEONATO PANAMERICANO-CONTINENTAL ABSOLUTO 2010"
[Site "Cali, Departamento del Valle del Cauca"]
[Date "2010.11.20"]
[Round "6"]
[Board "1"]
[White "Acosta, Mariano"]
[Black "Fandino Reyes, Roquelina"]
[Result "1-0"]
[WhiteElo "2060"]
[BlackElo "2177"]
[PlyCount "66"]
[EventDate "2010.11.17"]
[EventRounds "9"]
[EventCountry "COL"]

1.g3 e5 2.Bg2 Bc5 3.c4 Nf6 4.e3 O-O 5.a3 a5 6.d4 exd4 7.exd4 Be7 8.Nc3 d6 9.Nge2
c6 10.O-O Nbd7 11.b3 Re8 12.Bb2 Nf8 13.d5 c5 14.a4 Ng6 15.Qd2 Bf5 16.Rae1 Qc8
17.Nc1 h6 18.Nb5 Qd7 19.f3 h5 20.Re2 Bd8 21.Rfe1 Rxe2 22.Rxe2 Nh7 23.Nd3 Bg5
24.f4 Bf6 25.Nf2 Bxb2 26.Qxb2 h4 27.Nc3 Nf6 28.Bf3 b6 29.Qc1 Kf8 30.Nce4 Bxe4
31.Bxe4 Nxe4 32.Rxe4 hxg3 33.hxg3 Rd8